LEADER 00853nam0-22003011i-450- 001 990003090990403321 035 $a000309099 035 $aFED01000309099 035 $a(Aleph)000309099FED01 035 $a000309099 100 $a20000920d1976----km-y0itay50------ba 101 0 $aENG 102 $aIT 200 1 $aHandbook of Work, Organization, and Society$fEdited by Robert Dubin. 210 $aChicago$cRand McNally College$dc1976. 215 $axi, 1068 p. ill.$d25 cm 225 1 $aRand McNally Handbook Series 610 0 $aSociologia industriale 676 $a18100 702 1$aDubin,$bRobert 801 0$aIT$bUNINA$gRICA$2UNIMARC 901 $aBK 912 $a990003090990403321 952 $a18100 HAN$b10999/I$fSES 959 $aSES 996 $aHandbook of Work, Organization, and Society$9459386 997 $aUNINA DB $aING01 LEADER 01673nas 2200481-a 450 001 9910625165603321 005 20210125095549.0 035 $a(OCoLC)66907298 035 $a(CKB)3710000000534610 035 $a(CONSER)--2009242170 035 $a(IEEE)1000584 035 $a(EXLCZ)993710000000534610 100 $a20060418b20042006 s-- a 101 0 $aeng 135 $aurcn#|||||||| 181 $ctxt$2rdacontent 182 $cc$2rdamedia 183 $acr$2rdacarrier 200 10$aProceedings of the ... International Power Modulator Symposium and ... High Voltage Workshop 210 $aPiscataway, NJ $cIEEE$dİ2004- 311 $a1930-885X 606 $aModulators (Electronics)$vCongresses 606 $aPulse circuits$vCongresses 606 $aPulse generators$vCongresses 606 $aModulators (Electronics)$2fast$3(OCoLC)fst01024519 606 $aPulse circuits$2fast$3(OCoLC)fst01083928 606 $aPulse generators$2fast$3(OCoLC)fst01083932 608 $aConference papers and proceedings.$2fast 615 0$aModulators (Electronics) 615 0$aPulse circuits 615 0$aPulse generators 615 7$aModulators (Electronics) 615 7$aPulse circuits. 615 7$aPulse generators. 676 $a621 712 02$aInstitute of Electrical and Electronics Engineers. 712 02$aIEEE Dielectrics and Electrical Insulation Society. 712 02$aIEEE Electron Devices Society. 712 12$aHigh-Voltage Workshop. 906 $aCONFERENCE 912 $a9910625165603321 996 $aProceedings of the ... International Power Modulator Symposium and ... High Voltage Workshop$92500180 997 $aUNINA